000 01016nam a22002657a 4500
003 OSt
005 20250801131519.0
008 250716b |||||||| |||| 00| 0 eng d
020 _a9783030989071 (Paperback)
_cUSD 30.00
040 _aNUST
_beng
_cNUST
_dNUST
_erda
050 _aHM585 ERD
100 _aErdi, Peter
_eAuthor
245 _aRepair :
_bwhen and how to improve broken objects, ourselves, and our society /
_cPéter Érdi and Zsuzsa Szvetelszky.
260 _aSwitzerland:
_bSpringer,
_c©2022.
300 _axvii, 161 pages :
_bIllustrations ;
_c25 cm.
336 _2rdamedia
_atext
_btxt
337 _2rdamedia
_aunmediated
_bn
338 _2rdamedia
_avolume
_bnc
504 _aIncludes bibliographical references and index.
650 _vTechnology Home and family management .
650 _vHousing and household equipment maintenance.
650 _v Social sciences Sociology (General).
700 _aSzvetelszky, Zsuzsa
_eAuthor
942 _2lcc
_cBOOKS
_hHM585 ERD
_kHM
_mERD
_n0
999 _c172260
_d172260